| 000 | 00843nmc a2200289 a 4500 | ||
|---|---|---|---|
| 003 | AR-BaBNM | ||
| 005 | 20251128211322.0 | ||
| 008 | 164020s1997 ||||||||||||||000 | spa|| | ||
| 020 | _a987-9173-10-4 | ||
| 040 | _cAR-BaBNM | ||
| 100 | 1 | _aCarvalho, José Murilo de | |
| 245 | 1 | 0 |
_aLa formación de las almas _bel imaginario de la República en el Brasil |
| 260 |
_aBuenos Aires _bUniversidad Nacional de Quilmes _c1997 |
||
| 300 |
_a215 p. _bil., láms. |
||
| 490 | 0 | _aIntersecciones | |
| 650 | 4 | _aHISTORIA LATINOAMERICANA | |
| 650 | 4 | _aHISTORIA POLITICA | |
| 650 | 4 | _aHISTORIA DE LAS IDEAS | |
| 650 | 4 | _aHISTORIA ECONOMICA | |
| 650 | 4 | _aCULTURAS LATINOAMERICANAS | |
| 651 | 4 | _aBrasil | |
| 653 | _aHISTORIA BRASILENA | ||
| 700 | 1 |
_aSolari, Ada _etraductor |
|
| 800 | 1 | _aAltamirano, Carlos | |
| 942 | _cBK | ||
| 998 | _cmariana | ||
| 999 |
_c19143 _d19143 |
||